000 01368nam a2200253 a 4500
001 000026259
005 20200930024434.0
008 110308t1989 dr 001 0dspa d
040 _aDO-SdBNP
_bspa
_cBNPHU
082 _aC864.44
_bB742v
100 1 _aBosch Quidiello, Patricio,
_d1946-
_931251
245 1 0 _aVínculos culturales antillanos /
_cPatricio Bosch Quidiello.
260 _aSanto Domingo :
_bAlfa y Omega,
_c1989.
300 _a91 p. ;
_c21 cm.
504 _aBibliografía p. 79-90.
505 0 _tVínculos culturales domínico-cubanos: la labor literaria y docente de Max Henríquez Ureña en Cuba, reflejada a traves de algunas publicaciones periódicas cubanas --
_tBibliografía o hemerografía --
_tPresencia de Puerto Rico en publicaciones periódicas cubanas de 1902 a 1930 --
_tBibliografía o hemerografía --
_tPresencia del Caribe en literatos, políticos e intelectuales hispanoamericanos que publicaron en algunas revistas cubanas del primer tercio del siglo XX --
_tBibliografía o hemerografía.
600 1 4 _aHENRÍQUEZ UREÑA, MAX
_d1885-1968
_xBIOBIBLIOGRAFÍAS
_953292
650 4 _aEnsayos cubanos
_95691
650 4 _aAutores caribeños
_xCrítica e interpretación
_953293
650 4 _aAutores caribeños
_xBiobibliografías
_953294
650 4 _aLiteratura cubana
_91483
910 _aValidado. Control de calidad EMS.
049 _aBNPD
999 _c25751
_d25751